|
|
|
|
| LEADER |
00000nam0a2200000 4500 |
| 001 |
174479 |
| 005 |
20231101223149.0 |
| 010 |
|
|
|a 0194388255
|
| 035 |
|
|
|a (RuTPU)RU\TPU\book\189209
|
| 090 |
|
|
|a 174479
|
| 100 |
|
|
|a 20100128d2003 m y0engy50 ba
|
| 101 |
0 |
|
|a eng
|
| 102 |
|
|
|a US
|
| 105 |
|
|
|a a j 000zy
|
| 200 |
1 |
|
|a Business and Commerce. Workshop
|f N. Wood
|
| 210 |
|
|
|a New York
|c Oxford University Press
|d 2003
|
| 215 |
|
|
|a 41 p.
|c ил.
|
| 606 |
1 |
|
|a Английский язык
|x Учебные руководства и пособия
|x Пособия по развитию речи, разговорники
|2 stltpush
|3 (RuTPU)RU\TPU\subj\29074
|9 52486
|
| 610 |
1 |
|
|a лексика
|
| 610 |
1 |
|
|a деловое общение
|
| 610 |
1 |
|
|a разговорная речь
|
| 610 |
1 |
|
|a бизнес
|
| 610 |
1 |
|
|a коммерция
|
| 610 |
1 |
|
|a упражнения
|
| 686 |
|
|
|a Ш143.21-923
|v LBC/SL-A
|2 rubbk
|
| 700 |
|
1 |
|a Wood
|b N.
|g Neil
|
| 801 |
|
1 |
|a RU
|b 63413507
|c 20100128
|
| 801 |
|
2 |
|a RU
|b 63413507
|c 20141017
|g RCR
|
| 942 |
|
|
|c BK
|